Statistics for 陸上競技

Click here to take the quiz!

General Stats

  • This quiz has been taken 166 times
  • The average score is 16 of 26

Answer Stats

Event% Correct
100メートル
98%
400 メートル
94%
200 メートル
92%
10,000 メートル
90%
800 メートル
89%
やり投げ
86%
5000 メートル
86%
砲丸投げ
82%
1500 メートル
82%
3000m障害
82%
ハンマー投げ
78%
円盤投げ
78%
棒高跳び
76%
マラソン
66%
三段跳び
60%
幅跳び
60%
高跳び
57%
100 メートル ハードル
50%
110 メートル ハードル
48%
十種競技
41%
七種競技
30%
400 メートル ハードル
29%
50 キロメートル競歩
19%
20 キロメートル競歩
16%
4 x 100 リレー
5%
4 x 400 リレー
3%

Score Distribution

Percentile by Number Answered

Percent of People with Each Score

Your Score History

You have not taken this quiz